World Leaders: Multiple Choice VI Quiz Stats

 Plays Quiz Updated Jun 17, 2018

Challenge
Share
Tweet
Embed
Score 0/20 Timer 04:00
3 Plays Today
Question Answer Wrong Answers
Winston Churchill United Kingdom
99.3%
France
0.2%
Sweden
0.2%
Germany
0.2%
Charles de Gaulle France
98.8%
United Kingdom
0.2%
Canada
0.3%
San Marino
0.6%
Benito Mussolini Italy
98.4%
Austria
0.4%
Germany
0.5%
Belarus
0.2%
Gustav Eriksson Sweden
95.6%
Scotland
1.1%
Russia
2.3%
Bahamas
0.3%
Saddam Hussein Iraq
91.7%
Iran
5.2%
Saudi Arabia
1.9%
Kuwait
0.6%
Franz Joseph I Austria-Hungary
88.8%
Italy
0.6%
Germany
5.9%
Serbia
3.7%
Shinzō Abe Japan
88.2%
China
2.7%
Myanmar
4.7%
South Korea
4%
Recep Tayyip Erdoğan Turkey
86%
Iran
1.9%
India
2.6%
Morocco
8.2%
Charlemagne Holy Roman Empire
85.4%
Austria-Hungary
8.1%
Egypt
1.7%
Spain
3.9%
Constantine I Rome
81.6%
Japan
0.3%
Russia
8.8%
Bulgaria
7.5%
Josip Broz Tito Yugoslavia
78.1%
Serbia
7.4%
Romania
9.8%
Italy
3.1%
Alexander the Great Macedon
75%
England
2%
Russia
13.1%
Carthage
8.7%
Shaka kaSenzangakhona Zulu Kingdom
72.1%
Botswana
10.1%
Madagascar
4.8%
Mali Empire
10.9%
Viktor Yanukovych Ukraine
69.5%
Soviet Union
11.7%
Latvia
5.7%
Kazakhstan
11.3%
Cambyses II Persia
67.6%
Greece
11.2%
Macedonia
9.9%
Yemen
8.5%
Enda Kenny Ireland
61.1%
United Kingdom
1.3%
Canada
7.9%
Australia
26.8%
Casimir III the Great Poland
54.5%
Greece
25.9%
Scotland
2.8%
Tuscany
14.6%
Mohammed Daoud Khan Afghanistan
53.6%
Mongolia
31.9%
Albania
4%
Turkey
7.7%
Harald V Norway
48.3%
Netherlands
10.1%
Denmark
36%
Estonia
3.2%
Teodoro Obiang Nguema Mbasogo Equatorial Guinea
25.8%
Nigeria
56.1%
South Africa
11.8%
Morocco
3.3%

You're not logged in!

Compare scores with friends on all Sporcle quizzes.
Join for Free
OR
Log In

You Might Also Like...

Show Comments

Extras

Top Quizzes Today


Score Distribution

Your Account Isn't Verified!

In order to create a playlist on Sporcle, you need to verify the email address you used during registration. Go to your Sporcle Settings to finish the process.

Report this User

Report this user for behavior that violates our Community Guidelines.

Details: